000 01604cam a22004217a 4500
003 CHAP
005 20220329142820.0
008 040325s2003 mx d r 00010 spa d
010 _a88188
011 _a89160
035 _a99709
040 _cCHAP
090 _aTesis
100 0 0 _aMartínez Cuevas, Eduardo.
_971959
245 1 0 _aNiveles y tendencias de consanguinidad y sus efectos en variables de crecimiento en ganado Suizo Europeo
_c/por Eduardo Martínez Cuevas
260 _aChapingo, Méx. :
_bEl autor,
_c2003
300 _a63 h. :
_bgráfs. ; cuadros
502 _aTesis (Ing. Agr. Esp. en Zootecnia) -- UACH. Departamento de Zootecnia
530 _aTambién disponible en línea
590 _aALEPH
_b10
_c20130110
_lUCH01
_h1456
590 _aBATCH-UPD
_b10
_c20130110
_lUCH01
_h0359
590 _aBATCH-UPD
_b10
_c20130110
_lUCH01
_h1913
590 _aBATCH-UPD
_b10
_c20130410
_lUCH01
_h0032
590 _aBATCH-UPD
_b10
_c20130914
_lUCH01
_h1505
590 _aBATCH-UPD
_b10
_c20140324
_lUCH01
_h1442
590 _aBATCH-UPD
_b10
_c20141002
_lUCH01
_h0820
590 _aCONVERSION
_b10
_c20130109
_lUCH01
_h1349
650 1 4 _aGanado vacuno
_xCrecimiento.
_945450
650 1 4 _aGanado vacuno
_xGenética.
_945470
650 1 4 _aGanado vacuno
_xSuiza.
_945517
650 1 4 _aGanado
_xRazas.
_944950
856 _3Finding aid
_uhttp://10.13.5.2/tesis/99709.pdf
_zTeclea aqui
901 _aBK
905 _aMarco A. Mendoza T.
942 _cFOLL
949 _aTesis
_bBC
_cTES
_d33724000893335
_eTS2
_fc.2
_gDonaciØn
_h41585
_i99709
_sb
949 _aTesis
_bBC
_cTES
_d997091
_eTS1
_gDonaciØn
_h41584
_i99709
_sb
999 _c88188
_d88188